[Event "Challenge"]
[Site "http://www.queenalice.com/game.php?id=1852697"]
[Date "2025.2.23"]
[Round "-"]
[White "Leanne"]
[Black "iliov2008"]
[Result "1-0"]
[WhiteElo "1260"]
[BlackElo "1484"]

1. c4 e5 2. Nc3 Nf6 3. e3 h5 4. Nf3 a5 5. d4 e4 6. Ne5 Nc6 7. Be2 Bb4 8. O-O d6
9. d5 Ne7 10. c5 dxc5 11. Bb5+ c6 12. dxc6 bxc6 13. Bxc6+ Bd7 14. Bxa8 Qxa8 15.
Nc4 Bxc3 16. Nd6+ Kf8 17. Qb3 Be6 18. Qxc3 Nfd5 19. Qxc5 f5 20. a3 h4 21. h3 g6
22. Qd4 Kg8 23. b3 Nc6 24. Qd2 a4 25. bxa4 Qxa4 26. Bb2 f4 27. Bxh8 fxe3 28.
fxe3 Kxh8 29. Rf8+ Kg7 30. Qf2 Ne5 31. Ne8+ Kh6 32. Qxh4# 1-0

[Event "Challenge"]
[Site "http://www.queenalice.com/game.php?id=1852698"]
[Date "2025.2.23"]
[Round "-"]
[White "iliov2008"]
[Black "Leanne"]
[Result "1-0"]
[WhiteElo "1476"]
[BlackElo "1268"]

1. e4 e5 2. h4 f5 3. exf5 Nf6 4. Nc3 d5 5. a4 Nc6 6. Bb5 Bd7 7. Nf3 d4 8. Ne2
Nb4 9. Nxe5 Qe7 10. Bxd7+ Nxd7 11. Nxd7 Qxd7 12. c3 Nc6 13. cxd4 Nxd4 14. Nxd4
Qxd4 15. Qh5+ g6 16. Qf3 O-O-O 17. fxg6 hxg6 18. d3 Bc5 19. Be3 Qxb2 20. Qd1 Qe5
21. Kf1 Bd4 22. Bxd4 Qxd4 23. Rh3 Rhf8 24. f3 Qxd3+ 25. Qxd3 Rxd3 26. h5 g5 27.
h6 g4 28. Rh4 gxf3 29. g3 Rfd8 30. h7 Rd1+ 31. Rxd1 Rxd1+ 32. Kf2 b6 33. h8=Q+
Kb7 34. Kxf3 Rd6 35. Qg7 b5 36. Rh7 Kc6 37. Qxc7+ Kd5 38. axb5 1-0

[Event "Challenge"]
[Site "http://www.queenalice.com/game.php?id=1853541"]
[Date "2025.3.8"]
[Round "-"]
[White "iliov2008"]
[Black "dejami"]
[Result "0-1"]
[WhiteElo "1489"]
[BlackElo "1693"]

1. e4 e5 2. Nc3 c6 3. a4 Nf6 4. d3 Qa5 5. Bd2 Qb6 6. Bg5 Ng8 7. Nf3 f6 8. Be3
Qxb2 9. Bd2 Qb6 10. a5 Qc7 11. h4 Ne7 12. d4 d6 13. Bc4 Bg4 14. a6 exd4 15. Ne2
b5 16. Bb3 c5 17. Ba5 Qc6 18. Nf4 Qxe4+ 19. Ne2 Bxf3 20. gxf3 Qxf3 21. Ng3 Qf4
22. Bd5 Nxd5 23. Bd2 Qe5+ 24. Kf1 Ne7 25. h5 b4 26. Qf3 Qd5 27. Qe2 Nc6 28. Qb5
Rb8 29. Qa4 Nc8 30. h6 g6 31. c4 Qxc4+ 32. Ne2 Nb6 33. Qxc6+ Kd8 34. Bf4 Qe6 35.
Re1 Qc4 36. Bxd6 Bxd6 37. Qxd6+ Kc8 38. Qxf6 Kc7 39. Qg7+ Kc6 40. Rc1 Qd5 41.
Rh3 Nd7 42. Nf4 Qg5 43. Rf3 Ne5 44. Rg3 Qxf4 45. Re1 Kd5 46. Qxa7 Nd3 47. Qd7+
Kc4 48. Re2 Qc1+ 49. Kg2 Nf4+ 50. Kf3 Rhf8 51. a7 Qh1+ 52. Rg2 Qxg2# 0-1

[Event "Challenge"]
[Site "http://www.queenalice.com/game.php?id=1855058"]
[Date "2025.4.6"]
[Round "-"]
[White "Leanne"]
[Black "iliov2008"]
[Result "0-1"]
[WhiteElo "1369"]
[BlackElo "1449"]

1. e4 e5 2. Nf3 d6 3. d4 Bg4 4. Be2 Nc6 5. d5 Na5 6. O-O h5 7. g3 Bxf3 8. Bxf3
Nf6 9. Bd2 Nc4 10. b3 Nb2 11. Qe2 a5 12. Bg5 Be7 13. Bxf6 Bxf6 14. Qb5+ c6 15.
dxc6 bxc6 16. Qxc6+ Ke7 17. Nc3 Rc8 18. Nd5+ Kf8 19. Qb5 Rxc2 20. Nxf6 gxf6 21.
Rac1 Rxc1 22. Rxc1 h4 23. b4 axb4 24. Qe2 Na4 25. Bg4 d5 26. Rc8 Nc3 27. Rxd8+
Kg7 28. Rxh8 Nxe2+ 29. Bxe2 Kxh8 30. gxh4 dxe4 31. Bc4 f5 32. Bxf7 f4 33. Bc4
Kh7 34. Bd5 e3 35. fxe3 fxe3 36. Kf1 Kh6 0-1

[Event "Challenge"]
[Site "http://www.queenalice.com/game.php?id=1855059"]
[Date "2025.4.6"]
[Round "-"]
[White "iliov2008"]
[Black "Leanne"]
[Result "1-0"]
[WhiteElo "1462"]
[BlackElo "1356"]

1. Nc3 d5 2. e4 dxe4 3. Nxe4 e6 4. d3 Nc6 5. Bg5 Be7 6. a4 Bxg5 7. h4 Bxh4 8. g3
Be7 9. a5 b6 10. a6 Nf6 11. Ng5 O-O 12. Qf3 Nd4 13. Qxa8 Nxc2+ 14. Kd2 Nxa1 15.
Qxa7 Nb3+ 16. Ke1 Nc5 17. d4 Nce4 18. f4 Bb4+ 19. Ke2 Qxd4 20. N1f3 Qd2+ 21.
Nxd2 Nxg3+ 22. Kd1 Nxh1 23. Qxc7 Nf2+ 24. Ke2 N2e4 25. Ndxe4 Nxe4 26. Nxf7 Bxa6+
27. Ke3 Bxf1 28. Kxe4 Rxf7 29. Qxb6 Bd2 30. Qxe6 Bxf4 31. Qg4 Bd6 32. Qc8+ Rf8
33. Qe6+ Kh8 34. Qxd6 h6 35. Qxf8+ 1-0

[Event "Challenge"]
[Site "http://www.queenalice.com/game.php?id=1856160"]
[Date "2025.4.26"]
[Round "-"]
[White "dejami"]
[Black "iliov2008"]
[Result "0-1"]
[WhiteElo "1710"]
[BlackElo "1452"]

1. e4 e5 2. Bc4 Nf6 3. Qf3 d6 4. h3 Be6 5. Bb5+ c6 6. Bd3 d5 7. Nc3 Bb4 8. Nce2
h5 9. a3 dxe4 10. Bxe4 Bc5 11. b4 Bb6 12. g3 Ke7 13. a4 a5 14. b5 Bd5 15. Nc3
Bxe4 16. Nxe4 Nxe4 17. Qxe4 Bd4 18. Ba3+ Ke8 19. c3 Bb6 20. O-O-O Nd7 21. d4 Nf6
22. Qxe5+ Kd7 23. d5 c5 24. Qf5+ Kc7 25. d6+ Kb8 26. c4 g6 27. Qe5 Ka7 28. Nf3
Re8 29. Qc3 Ne4 30. Qc2 Qf6 31. Rd3 Qa1+ 32. Qb1 Qxb1+ 33. Kxb1 Nxf2 34. Rhd1
Nxd1 35. Rxd1 Re3 36. d7 Rd8 37. Ng5 Rxa3 38. Kb2 Rxa4 39. Kb3 Rb4+ 40. Kc3 a4
41. Nxf7 Rb3+ 42. Kc2 Rf8 43. d8=Q Bxd8 44. Nxd8 Rf2+ 45. Rd2 Rxd2+ 46. Kxd2 a3
47. Kc2 a2 48. Kxb3 a1=Q 49. Ne6 Qe1 50. Nxc5 Qxg3+ 51. Ka4 Qxh3 52. Ka5 b6+ 0-1

[Event "Challenge"]
[Site "http://www.queenalice.com/game.php?id=1860170"]
[Date "2025.7.19"]
[Round "-"]
[White "Leanne"]
[Black "iliov2008"]
[Result "0-1"]
[WhiteElo "1266"]
[BlackElo "1482"]

1. c4 e5 2. Nc3 d6 3. e4 Nf6 4. Be2 Bg4 5. Bxg4 h5 6. Bf5 g6 7. Bh3 Nc6 8. Nd5
Nxe4 9. Qf3 f5 10. d3 Nc5 11. Be3 Nxd3+ 12. Kd2 Nxb2 13. Qe2 a5 0-1

[Event "Challenge"]
[Site "http://www.queenalice.com/game.php?id=1860171"]
[Date "2025.7.19"]
[Round "-"]
[White "iliov2008"]
[Black "Leanne"]
[Result "1-0"]
[WhiteElo "1474"]
[BlackElo "1274"]

1. e4 e5 2. d3 f5 3. exf5 Be7 4. Nc3 d5 5. Nxd5 Qxd5 6. a4 Bxf5 7. c4 Qc6 8. h3
Nd7 9. Be3 Ngf6 10. Nf3 b6 11. h4 Bg4 12. Bg5 O-O-O 13. Bxf6 1-0

[Event "Challenge"]
[Site "http://www.queenalice.com/game.php?id=1861466"]
[Date "2025.8.11"]
[Round "-"]
[White "Leanne"]
[Black "iliov2008"]
[Result "0-1"]
[WhiteElo "1311"]
[BlackElo "1481"]

1. Nf3 e6 2. d4 Nc6 3. e3 h5 4. g3 Nf6 5. Bg2 a5 6. O-O b6 7. Ne5 Nxe5 8. Bxa8
Ba6 9. Re1 Nc4 10. Qf3 Bb4 11. Bb7 Bxb7 12. Qxb7 Bxe1 13. Qf3 Ng4 14. Kg2 Bxf2
15. d5 Bxe3 16. Bxe3 Ncxe3+ 17. Kg1 h4 18. dxe6 dxe6 19. Nd2 hxg3 20. Qxg3 Qxd2
0-1